Statistics for Word Puzzles - TV Titles #2

Click here to take the quiz!

General Stats

  • This quiz has been taken 16,178 times
  • The average score is 30 of 42

Answer Stats

ClueAnswer% Correct
Martial artist BruceLee
94%
Actress HathawayAnne
93%
What a fish uses to breatheGill
93%
Lower body limbLeg
93%
@At
90%
2,000 lbsTon
90%
Mr. JaggerMick
89%
Square root of one hundredTen
87%
To commit theftSteal
86%
Most common wordThe
86%
SupervisorBoss
83%
Gift for naughty childrenCoal
83%
RiflesGuns
83%
Campbell's productSoup
83%
Place to store ashesUrn
83%
Kick the bucketDie
82%
Sea birdGull
81%
Narrow lane between buildingsAlley
80%
Scottish for "yes"Aye
80%
Web-footed friendDuck
77%
Sleep cycle with vivid dreamsREM
77%
(TV title)Boston Legal
74%
(TV title)Gilligan's Island
72%
Pirates don't lub itLand
72%
Dynasty of ChinaMing
68%
Mountain between Europe and
Asia (singular)
Ural
66%
Rock that contains useful metalOre
65%
(TV title)Supernatural
63%
Perpendicular to columnsRows
60%
Ursine creatureBear
58%
"Mad" king of EnglandGeorge
58%
(TV title)Remington Steele
58%
(TV title)Roseanne
58%
(TV title)Duck Dynasty
54%
Filthy; lewd; meanNasty
54%
Part of a set, in weightliftingRep
53%
Famous Memphis streetBeale
52%
(TV title)Ally McBeal
51%
Candy served from a dispenserPez
46%
(TV title)The Colbert Report
39%
(TV title)George Lopez
32%
To travel with big, slow stridesLope
32%

Score Distribution

Percentile by Number Answered

Percent of People with Each Score

Your Score History

You have not taken this quiz